Szeroka Kadra Reprezentacji Polski na Mistrzostwa Świata Katar 2022 - Statystyki

Ogólne statystyki
  • Ten quiz został rozwiązany 251 razy
  • Średni wynik to 27 z 47
Statystyki odpowiedzi
Pozycja Nazwisko % Poprawnych
Bramkarz Szczęsny
100%
Napastnik Lewandowski
97%
Obrońca Glik
93%
Napastnik Milik
93%
Bramkarz Skorupski
89%
Napastnik Piątek
88%
Obrońca Bednarek
85%
Pomocnik Krychowiak
85%
Pomocnik Zieliński
84%
Bramkarz Grabara
82%
Obrońca Bereszyński
79%
Bramkarz Drągowski
79%
Napastnik Świderski
78%
Obrońca Cash
77%
Obrońca Zalewski
76%
Obrońca Kiwior
74%
Pomocnik Szymański
74%
Pomocnik Szymański
74%
Pomocnik Grosicki
73%
Obrońca Jędrzejczyk
71%
Napastnik Buksa
66%
Pomocnik Kamiński
62%
Pomocnik Frankowski
59%
Pomocnik Skóras
59%
Pomocnik Bielik
54%
Napastnik Kownacki
54%
Obrońca Wieteska
50%
Bramkarz Majecki
49%
Pomocnik Klich
46%
Obrońca Puchacz
46%
Pomocnik Linetty
45%
Pomocnik Góralski
42%
Obrońca Gumny
42%
Obrońca Dawidowicz
41%
Obrońca Kędziora
41%
Pomocnik Żurkowski
39%
Obrońca Reca
35%
Pomocnik Jóźwiak
34%
Obrońca Karbownik
31%
Obrońca Helik
30%
Pomocnik Kozłowski
29%
Obrońca Bochniewicz
26%
Obrońca Kun
21%
Obrońca Nawrocki
19%
Pomocnik Łęgowski
16%
Pomocnik Piotrowski
14%
Pomocnik Dziczek
13%
Nie znaleziono quizów pasujących do podanych kryteriów
Rozkład punktacji
Procent ludzi z każdym wynikiem
Percentyl według liczby udzielonych odpowiedzi
Twoja historia wyników
Nie rozwiązałeś tego quizu